| 000 | 00601nam a2200241Ia 4500 | ||
|---|---|---|---|
| 003 | OSt | ||
| 005 | 20220924143949.0 | ||
| 006 | a|||||r|||| 00| 0 | ||
| 007 | ta | ||
| 008 | 220923b |||||||| |||| 00| 0 urd d | ||
| 020 | _c8.00 | ||
| 024 | _a311379 | ||
| 037 | _cTextual | ||
| 040 |
_aARTS _cARTS _burd |
||
| 041 |
_2urd _aurd |
||
| 082 | _aO168,1xM9, K9 | ||
| 100 |
_aSaher Abu Mohammad _9216927 |
||
| 245 | 0 | _aIntekhab-e-qasaid Urdu | |
| 260 | _c1969 | ||
| 650 | _aURDU POETRY | ||
| 942 |
_hO168,1xM9, K9 _cTEXL _2CC |
||
| 999 |
_c455925 _d455925 |
||